[Event "7th Las Palmas it"]
[Site "Las Palmas ESP"]
[Date "1978.05.??"]
[Round "2"]
[White "Sanz Alonso, Francisco Javier"]
[Black "Csom, Istvan"]
[WhiteElo "2330"]
[BlackElo "2510"]
[Result "1-0"]
[EventDate "1978.04.30"]
[PlyCount "73"]

1.e4 c5 2.c3 d5 3.exd5 Qxd5 4.d4 e6 5.Nf3 Nf6 6.Bd3 Be7 7.c4 Qd8 8.dxc5 
Nbd7 9.O-O Nxc5 10.Bc2 Qc7 11.Nc3 a6 12.Qe2 Ncd7 13.Bg5 b6 14.Rfe1 Bb7 15.
Nd4 O-O 16.Rad1 Bb4 17.Qe3 Rac8 18.Qh3 Rfe8 19.Re3 Bxc3 20.bxc3 g6 21.Qh4 
Nh5 22.Ba4 Nf8 23.Bxe8 Rxe8 24.g4 Ng7 25.Bh6 Nd7 26.Rh3 Qe5 27.Nf3 Qxc3 
28.Bxg7 Qxg7 29.Rxd7 Bc6 30.Rd8 f6 31.Rxe8+ Bxe8 32.g5 f5 33.Qd4 Qe7 34.
Qe3 Qd6 35.Rh4 Bc6 36.Rd4 Qe7 37.h4 1-0

[Event "7th Las Palmas it"]
[Site "Las Palmas ESP"]
[Date "1978.05.??"]
[Round "4"]
[White "Miles, Anthony John"]
[Black "Garcia Padron, Jose"]
[WhiteElo "2565"]
[BlackElo "2415"]
[Result "1-0"]
[EventDate "1978.04.30"]
[PlyCount "85"]

1.c4 e6 2.Nc3 d5 3.d4 c5 4.cxd5 exd5 5.Nf3 Nc6 6.Bg5 Be7 7.Bxe7 Ngxe7 8.e3
O-O 9.dxc5 Qa5 10.Bd3 Qxc5 11.O-O g6 12.Rc1 Qb4 13.Rc2 Bg4 14.h3 d4 15.
hxg4 dxc3 16.Rxc3 Qxb2 17.Qb3 Qxb3 18.Rxb3 Rad8 19.Be4 Rd7 20.Rfb1 Na5 21.
Ra3 b6 22.Rc3 Rc8 23.Rxc8+ Nxc8 24.Rc1 Nd6 25.Rd1 Nac4 26.Bd5 Rc7 27.e4 
Re7 28.Nd4 Nb2 29.Rd2 Nbc4 30.Rc2 Ne5 31.f3 Kg7 32.g5 h6 33.gxh6+ Kxh6 34.
Rc3 Kg7 35.f4 Ng4 36.e5 Nf5 37.Nxf5+ gxf5 38.Kf1 Rd7 39.Bb3 Rd4 40.g3 a5 
41.Rc7 Nh6 42.e6 Re4 43.Bd5 1-0

[Event "7th Las Palmas it"]
[Site "Las Palmas ESP"]
[Date "1978.05.??"]
[Round "7"]
[White "Csom, Istvan"]
[Black "Mariotti, Sergio"]
[WhiteElo "2510"]
[BlackElo "2475"]
[Result "1-0"]
[EventDate "1978.04.30"]
[PlyCount "135"]

1.Nf3 Nf6 2.g3 b5 3.Bg2 Bb7 4.d3 d5 5.c3 c5 6.a4 bxa4 7.Qxa4+ Bc6 8.Qa5 
Qxa5 9.Rxa5 Nbd7 10.O-O e6 11.Bf4 Be7 12.Nbd2 Bd8 13.Ra2 Ke7 14.e4 h6 15.
Ne5 Nxe5 16.Bxe5 Nd7 17.Bf4 Bb6 18.exd5 Bxd5 19.Bxd5 exd5 20.Re1+ Kf6 21.
c4 g5 22.Bd6 Rhe8 23.Rxe8 Rxe8 24.cxd5 Re1+ 25.Kg2 Kg6 26.Nc4 Rd1 27.Ra3 
Nf6 28.Ra6 Nxd5 29.Nxb6 axb6 30.Bxc5 Rxd3 31.Bxb6 Kh7 32.Bc5 Nc7 33.Rd6 
Rb3 34.Rb6 Rd3 35.b4 Kg7 36.h3 Rb3 37.Rb7 Ne6 38.Be3 Kg6 39.Rb6 Kf5 40.
Rb5+ Ke4 41.Ba7 f5 42.Bb8 Nd4 43.Re5+ Kd3 44.Re3+ Kc4 45.Rxb3 Nxb3 46.Bd6 
h5 47.Kf3 Kd3 48.Bc5 Nd2+ 49.Kg2 g4 50.hxg4 hxg4 51.b5 Nc4 52.b6 Na5 53.
Kf1 Kc4 54.Be3 Kd3 55.Ke1 Nb7 56.Kd1 Nd6 57.Kc1 Kc3 58.Bd2+ Kd3 59.Be3 Kc3
60.Kb1 Nb7 61.Ka2 Na5 62.Ka3 Nb7 63.Bf4 Nc5 64.Bg5 Kc4 65.Be7 Nd7 66.b7 
Kd5 67.Kb3 Kc6 68.Kc4 1-0

[Event "7th Las Palmas it"]
[Site "Las Palmas ESP"]
[Date "1978.05.??"]
[Round "7"]
[White "Diez del Corral Rivas, Jesus"]
[Black "Miles, Anthony John"]
[WhiteElo "2490"]
[BlackElo "2565"]
[Result "1/2-1/2"]
[EventDate "1978.04.30"]
[PlyCount "45"]

1.e4 c5 2.Nf3 d6 3.d4 cxd4 4.Nxd4 Nf6 5.Nc3 g6 6.Be2 Bg7 7.O-O O-O 8.Be3 
Nc6 9.Qd2 d5 10.Nxc6 bxc6 11.e5 Ne8 12.f4 f6 13.exf6 exf6 14.Bc5 Rf7 15.
Rad1 Nc7 16.Na4 Ne6 17.b4 Nxc5 18.Nxc5 Bf8 19.c4 Qb6 20.cxd5 Bxc5+ 21.bxc5
Qxc5+ 22.Qd4 Qxd4+ 23.Rxd4 1/2-1/2

[Event "7th Las Palmas it"]
[Site "Las Palmas ESP"]
[Date "1978.05.??"]
[Round "7"]
[White "Westerinen, Heikki"]
[Black "Rodriguez Vargas, Orestes"]
[WhiteElo "2450"]
[BlackElo "2485"]
[Result "1/2-1/2"]
[EventDate "1978.04.30"]
[PlyCount "55"]

1.e4 e5 2.Nf3 Nc6 3.Bb5 a6 4.Ba4 Nf6 5.O-O Be7 6.Re1 b5 7.Bb3 O-O 8.d4 d6 
9.c3 Bg4 10.d5 Na5 11.Bc2 c6 12.h3 Bd7 13.Nxe5 dxe5 14.d6 Be6 15.dxe7 Qxe7
16.Bg5 h6 17.Bh4 Rfd8 18.Qe2 g5 19.Bg3 Nd7 20.b3 c5 21.Nd2 Nc6 22.Bd3 b4 
23.cxb4 cxb4 24.Nf3 Nc5 25.Red1 Nxd3 26.Rxd3 Rxd3 27.Qxd3 Qc5 28.Qf1 
1/2-1/2

[Event "7th Las Palmas it"]
[Site "Las Palmas ESP"]
[Date "1978.05.??"]
[Round "9"]
[White "Diez del Corral Rivas, Jesus"]
[Black "Panchenko, Alexander"]
[WhiteElo "2490"]
[BlackElo "2495"]
[Result "0-1"]
[EventDate "1978.04.30"]
[PlyCount "102"]

1.d4 d5 2.c4 e6 3.Nc3 Nf6 4.Bg5 c6 5.e3 Nbd7 6.cxd5 exd5 7.Bd3 Be7 8.Nge2 
O-O 9.O-O Re8 10.Rb1 h6 11.Bh4 Ne4 12.Bxe7 Qxe7 13.Bxe4 dxe4 14.b4 Nf6 15.
b5 Bd7 16.bxc6 Bxc6 17.Qb3 Red8 18.Nf4 Rab8 19.a4 b6 20.Rfd1 Rbc8 21.d5 
Ba8 22.Nb5 Ne8 23.Rd4 Nd6 24.Qb4 Kf8 25.h4 Nxb5 26.Qxe7+ Kxe7 27.Rxe4+ Kf8
28.axb5 Bxd5 29.Ra4 g5 30.hxg5 hxg5 31.Ne2 Rc7 32.Nd4 Ke7 33.f3 Rdd7 34.
Kf2 Kd6 35.Rh1 Rc8 36.Rh6+ Be6 37.f4 gxf4 38.exf4 Kc5 39.Rh5+ Rd5 40.Re5 
Rxe5 41.fxe5 Rc7 42.Ke3 Bc4 43.Ra1 Bxb5 44.g4 Bc4 45.Nf5 a5 46.Nd6 Re7 47.
Ne4+ Kb4 48.Kd4 a4 49.Nd6 Bb3 50.Rc1 a3 51.Rc6 a2 0-1

[Event "7th Las Palmas it"]
[Site "Las Palmas ESP"]
[Date "1978.05.??"]
[Round "10"]
[White "Tukmakov, Vladimir"]
[Black "Diez del Corral Rivas, Jesus"]
[WhiteElo "2570"]
[BlackElo "2490"]
[Result "1/2-1/2"]
[EventDate "1978.04.30"]
[PlyCount "63"]

1.Nf3 Nf6 2.c4 g6 3.g3 Bg7 4.Bg2 d6 5.O-O O-O 6.d4 c6 7.Nc3 Bg4 8.h3 Bxf3 
9.Bxf3 Nbd7 10.Bg2 Re8 11.e4 e5 12.d5 Qc7 13.Be3 h5 14.Qd2 c5 15.Rab1 a6 
16.Rfc1 Kh7 17.f3 Rab8 18.h4 Ng8 19.g4 Qd8 20.g5 f5 21.exf5 gxf5 22.Bh3 
Ne7 23.Qc2 Rf8 24.Ne2 Kh8 25.f4 Ng6 26.Bf2 Nxf4 27.Nxf4 exf4 28.Bxf5 Ne5 
29.Be6 b5 30.b3 b4 31.Kh1 Qe8 32.Re1 1/2-1/2

[Event "7th Las Palmas it"]
[Site "Las Palmas ESP"]
[Date "1978.05.??"]
[Round "15"]
[White "Miles, Anthony John"]
[Black "Mariotti, Sergio"]
[WhiteElo "2565"]
[BlackElo "2475"]
[Result "1-0"]
[EventDate "1978.04.30"]
[PlyCount "99"]

1.d4 Nf6 2.Nf3 g6 3.c4 Bg7 4.Nc3 d5 5.Bg5 Ne4 6.cxd5 Nxg5 7.Nxg5 e6 8.Nf3 
exd5 9.e3 O-O 10.b4 c6 11.Be2 Qd6 12.Qb3 Be6 13.O-O Nd7 14.Rac1 Rfc8 15.
Rfd1 Bf8 16.b5 Qa3 17.bxc6 bxc6 18.Na4 Rab8 19.Qxa3 Bxa3 20.Rc3 Be7 21.
Rdc1 Rb4 22.Bd1 Nb6 23.Nc5 Bxc5 24.Rxc5 Nd7 25.R5c3 c5 26.dxc5 Rc4 27.Bb3 
Rxc3 28.Rxc3 Rxc5 29.Rxc5 Nxc5 30.Nd4 Kf8 31.Kf1 a5 32.Ke2 Ke8 33.Bc2 Kd7 
34.h4 Kd6 35.f3 Bc8 36.h5 Ba6+ 37.Kd2 Bf1 38.g4 Ne6 39.Nxe6 Kxe6 40.h6 Bb5
41.f4 Bd7 42.Kc3 Kd6 43.g5 Kc5 44.a3 Bc8 45.Ba4 Bf5 46.Be8 d4+ 47.exd4+ 
Kd5 48.Bxf7+ Ke4 49.d5 Kxf4 50.Bxg6 1-0

[Event "7th Las Palmas it"]
[Site "Las Palmas ESP"]
[Date "1978.05.??"]
[Round "15"]
[White "Westerinen, Heikki"]
[Black "Csom, Istvan"]
[WhiteElo "2450"]
[BlackElo "2510"]
[Result "1/2-1/2"]
[EventDate "1978.04.30"]
[PlyCount "82"]

1.e4 c5 2.Nf3 d6 3.d4 cxd4 4.Nxd4 Nf6 5.Nc3 Nc6 6.Bg5 e6 7.Qd2 a6 8.O-O-O 
h6 9.Bh4 Nxe4 10.Qf4 Ng5 11.Nxc6 bxc6 12.Qa4 Qb6 13.f4 Nh7 14.f5 Rb8 15.
fxe6 Bxe6 16.Bc4 Be7 17.Bxe6 fxe6 18.Bxe7 Kxe7 19.Qg4 Qe3+ 20.Rd2 Ng5 21.
Nd1 Qe4 22.Qg3 Qe5 23.Qxe5 dxe5 24.Re1 Rhd8 25.Rxd8 Rxd8 26.Rxe5 Rd5 27.
Re3 Ra5 28.Nc3 Nf7 29.Kd2 Nd6 30.b3 Rg5 31.g3 Ra5 32.a4 Rh5 33.h4 Rc5 34.
Kd3 a5 35.g4 h5 36.Kd4 Nb7 37.Rg3 e5+ 38.Kd3 Nd6 39.Rg2 hxg4 40.Rxg4 Kf6 
41.Rg2 g6 1/2-1/2